00441nam a2200145Ia 4500008004100000041000800041082001200049100001900061245001300080260002800093300002400121365001100145999001700156952012200173240624s9999 xx 000 0 und d aeng a823 NIC aNICHOLLS DAVID aUS NOVEL c2015aNew DelhibHodder a395 : p. : cm. ; 17 cRSb30 c26841d26841 00104070aIMTNbIMTNcRack 40-Bd2016-03-01eVBCg399.00l0o823 NICp26841r2024-06-24 00:00:00t1w2024-06-24yBK